Online
Catalog

The international situation : (Record no. 31081)

MARC details
000 -CABECERA
campo de control de longitud fija 00866nam a2200217 a 4500
001 - NÚMERO DE CONTROL
campo de control 000031589
005 - FECHA Y HORA DE LA ÚLTIMA TRANSACCIÓN
campo de control 20240315194505.0
008 - DATOS DE LONGITUD FIJA--INFORMACIÓN GENERAL
campo de control de longitud fija 110627s1981 dr 000 0 spa d
040 ## - FUENTE DE LA CATALOGACIÓN
Centro catalogador/agencia de origen DO-SdBNP
Lengua de catalogación spa
Centro/agencia transcriptor BNPHU
041 07 - CÓDIGO DE LENGUA
Código de lengua del texto/banda sonora o título independiente eng
082 ## - NÚMERO DE LA CLASIFICACIÓN DECIMAL DEWEY
Número de clasificación 338.97293
Número de documento/Ítem D473i
100 1# - ENTRADA PRINCIPAL--NOMBRE DE PERSONA
Nombre de persona Despradel, Carlos
Fechas asociadas al nombre 1942-
9 (RLIN) 9280
245 14 - MENCIÓN DE TÍTULO
Título The international situation :
Resto del título a challenge to the Dominican Republic´s economy /
Mención de responsabilidad, etc. speech delivered by Carlos Despradel.
260 ## - PUBLICACIÓN, DISTRIBUCIÓN, ETC.
Lugar de publicación, distribución, etc. Santo Domingo :
Nombre del editor, distribuidor, etc. American Chamber of Commerce of the Dominican Republic,
Fecha de publicación, distribución, etc. 1981.
300 ## - DESCRIPCIÓN FÍSICA
Extensión 41 p. ;
Dimensiones 21 cm.
546 ## - NOTA DE LENGUA/LENGUAJE
Nota de lengua/lenguaje Inglés
590 ## - NOTA LOCAL (RLIN)
Nota local Inventariado, 2018/BT
651 #4 - PUNTO DE ACCESO ADICIONAL DE MATERIA--NOMBRE GEOGRÁFICO
Nombre geográfico República Dominicana
Subdivisión general Condiciones Económicas
-- Ensayos, Conferencias, Etc.
9 (RLIN) 2598
651 #4 - PUNTO DE ACCESO ADICIONAL DE MATERIA--NOMBRE GEOGRÁFICO
Nombre geográfico República Dominicana
Subdivisión general Política Económica
-- Ensayos, Conferencias, Etc.
9 (RLIN) 1168
910 ## - DATOS DE OPCIÓN DEL USUARIO (OCLC)
Datos de opción del usuario Validado. Control de calidad. EMS
Holdings
Estado de retiro Estado de pérdida Restricciones de uso No para préstamo Código de colección Localización permanente Ubicación/localización actual Ubicación en estantería Fecha de adquisición Número de inventario Total de préstamos Signatura topográfica completa Código de barras Fecha visto por última vez Número de copia Precio válido a partir de Tipo de ítem Koha
        Dominicana de Servicio General General Depósito 27.06.2011 LF1   338.97293 D473i 31589-30 25.06.2020 e. 3 25.06.2020 Libro y Folleto Colección Dominicana de Servicio
        Dominicana de Servicio General General Depósito 27.06.2011 LF1   338.97293 D473i 31589-40 25.06.2020 e. 4 25.06.2020 Libro y Folleto Colección Dominicana de Servicio
      Excluido de préstamo Patrimonio Dominicano Patrimonio Dominicano Patrimonio Dominicano Depósito 27.06.2011 LF1   338.97293 D473i 31589-10 25.06.2020   25.06.2020 Libro y Folleto Colección Patrimonio Dominicano
      Excluido de préstamo Patrimonio Dominicano Patrimonio Dominicano Patrimonio Dominicano Depósito 27.06.2011 LF1   338.97293 D473i 31589-20 25.06.2020 e. 2 25.06.2020 Libro y Folleto Colección Patrimonio Dominicano

Powered by Koha